000 00360nam a2200169Ia 4500
008 240510s9999 xx 000 0 und d
020 _a0000590767844
041 _aEng
082 _a823
082 _bS73
100 _aSTINE, R.L.
245 0 _aBrain Juice
260 _bNew York : Scholastic Inc.
260 _c1998
942 _2ddc
942 _cLBK
999 _c28357
_d28357
945 _a1
_bMadushi Gamage
_c1
_dMadushi Gamage